00726 2200277 4500001002100000005001500021035002000036007000300056008004100059020001800100082000800118084001400126100002000140245006300160260004600223300003200269650003200301700001700333520002600350990001200376990001200388990001200400990001200412990001200424990001200436INLIS00000000000199120180522023315 a0010-0518000061ta180522 g 0 ind  a9786020322612 a297 a297 DWI u0 aDWINDA, Nafisah1 aUmroh For Beginners /cDwinda Nafisah; editor, Sandra Dewi aJakarta :bGramedia Pustaka Utama,c[s.a] a142 hlm. :bilus. ;c20 cm. aISLAM SEBAGAI PEDOMAN HIDUP0 aSANDRA, Dewi aBibliografi: hlm. 142 a16630 a a16630 b a16630 A a16630 b a16630 B a16630 A